000 00595nam a2200217Ia 4500
003 OSt
005 20220925164356.0
006 a|||||r|||| 00| 0
007 ta
008 220923b |||||||| |||| 00| 0 eng d
037 _cGeneral Book
040 _aRTL
_cRTL
_beng
041 _2eng
_aeng
082 _aY12u3151:N5, J6
100 _aMogey J M
_992474
245 0 _aFamily and neighbouhood
_b Two studies in Oxford
260 _a-
_bOxford Press
_c1956
300 _a181p
_ccm.
942 _hY12u3151:N5, J6
_cGB
_2CC
999 _c474947
_d474947